<?xml version="1.0" encoding="UTF-8"?><?xml-stylesheet type="text/xsl" href="static/style.xsl"?><OAI-PMH xmlns="http://www.openarchives.org/OAI/2.0/" xmlns:xsi="http://www.w3.org/2001/XMLSchema-instance" xsi:schemaLocation="http://www.openarchives.org/OAI/2.0/ http://www.openarchives.org/OAI/2.0/OAI-PMH.xsd"><responseDate>2026-04-13T04:25:29Z</responseDate><request verb="GetRecord" identifier="oai:www.recercat.cat:2445/148259" metadataPrefix="marc">https://recercat.cat/oai/request</request><GetRecord><record><header><identifier>oai:recercat.cat:2445/148259</identifier><datestamp>2025-12-04T20:42:13Z</datestamp><setSpec>com_2072_1057</setSpec><setSpec>col_2072_478822</setSpec><setSpec>col_2072_478914</setSpec><setSpec>col_2072_478917</setSpec></header><metadata><record xmlns="http://www.loc.gov/MARC21/slim" xmlns:dcterms="http://purl.org/dc/terms/" xmlns:xsi="http://www.w3.org/2001/XMLSchema-instance" xmlns:doc="http://www.lyncode.com/xoai" xsi:schemaLocation="http://www.loc.gov/MARC21/slim http://www.loc.gov/standards/marcxml/schema/MARC21slim.xsd">
   <leader>00925njm 22002777a 4500</leader>
   <datafield ind2=" " ind1=" " tag="042">
      <subfield code="a">dc</subfield>
   </datafield>
   <datafield ind2=" " ind1=" " tag="720">
      <subfield code="a">Rosell-Tarragó, Gemma</subfield>
      <subfield code="e">author</subfield>
   </datafield>
   <datafield ind2=" " ind1=" " tag="720">
      <subfield code="a">Díaz Guilera, Albert</subfield>
      <subfield code="e">author</subfield>
   </datafield>
   <datafield ind2=" " ind1=" " tag="260">
      <subfield code="c">2020-01-20T16:37:07Z</subfield>
   </datafield>
   <datafield ind2=" " ind1=" " tag="260">
      <subfield code="c">2020-01-06</subfield>
   </datafield>
   <datafield ind2=" " ind1=" " tag="260">
      <subfield code="c">2020-01-20T16:37:08Z</subfield>
   </datafield>
   <datafield ind2=" " ind1=" " tag="520">
      <subfield code="a">Complex networks are essentially heterogeneous not only in the basic properties of the constituent nodes, such as their degree, but also in the effects that these have on the global dynamical properties of the network. Networks of coupled identical phase oscillators are good examples for analyzing these effects, since an overall synchronized state can be considered a reference state. A small variation of intrinsic node parameters may cause the system to move away from synchronization, and a new phase-locked stationary state can be achieved. We propose a measure of phase dispersion that quantifies the functional response of the system to a given local perturbation. As a particular implementation, we propose a variation of the standard Kuramoto model in which the nodes of a complex network interact with their neighboring nodes, by including a node-dependent frustration parameter. The final stationary phase-locked state now depends on the particular frustration parameter at each node and also on the network topology. We exploit this scenario by introducing individual frustration parameters and measuring what their effect on the whole network is, measured in terms of the phase dispersion, which depends only on the topology of the network and on the choice of the particular node that is perturbed. This enables us to define a characteristic of the node, its functionability, that can be computed analytically in terms of the network topology. Finally, we provide a thorough comparison with other centrality measures.</subfield>
   </datafield>
   <datafield tag="653" ind2=" " ind1=" ">
      <subfield code="a">Xarxes (Matemàtica)</subfield>
   </datafield>
   <datafield tag="653" ind2=" " ind1=" ">
      <subfield code="a">Sincronització</subfield>
   </datafield>
   <datafield tag="653" ind2=" " ind1=" ">
      <subfield code="a">Sistemes complexos</subfield>
   </datafield>
   <datafield tag="653" ind2=" " ind1=" ">
      <subfield code="a">Nets (Mathematics)</subfield>
   </datafield>
   <datafield tag="653" ind2=" " ind1=" ">
      <subfield code="a">Synchronization</subfield>
   </datafield>
   <datafield tag="653" ind2=" " ind1=" ">
      <subfield code="a">Complex systems</subfield>
   </datafield>
   <datafield ind2="0" ind1="0" tag="245">
      <subfield code="a">Functionability in complex networks: Leading nodes for the transition from structural to functional networks through remote asynchronization</subfield>
   </datafield>
</record></metadata></record></GetRecord></OAI-PMH>